The New Class: (Record no. 13156)

MARC details
000 -LEADER
fixed length control field 00999cam a2200289 i 4500
001 - CONTROL NUMBER
control field 1793854
005 - DATE AND TIME OF LATEST TRANSACTION
control field 20070426093203.0
008 - FIXED-LENGTH DATA ELEMENTS--GENERAL INFORMATION
fixed length control field 780830s1957 nju | b 001 0 eng d
010 ## - LIBRARY OF CONGRESS CONTROL NUMBER
LC control number
020 ## - INTERNATIONAL STANDARD BOOK NUMBER
International Standard Book Number
040 ## - CATALOGING SOURCE
Original cataloging agency DLC
Transcribing agency DLC
Modifying agency DLC
043 ## - GEOGRAPHIC AREA CODE
Geographic area code n-us---
050 00 - LIBRARY OF CONGRESS CALL NUMBER
Classification number HN90.S6
Item number N5
082 00 - DEWEY DECIMAL CLASSIFICATION NUMBER
Classification number 335.4
Item number DJI
Edition number 22
100 ## - MAIN ENTRY--PERSONAL NAME
9 (RLIN) 10463
Personal name Djilas, Milovan
245 04 - TITLE STATEMENT
Title The New Class:
Remainder of title An Analysis of the Communist System
Statement of responsibility, etc By Milovan Djilas
260 ## - PUBLICATION, DISTRIBUTION, ETC. (IMPRINT)
Place of publication, distribution, etc New York:
Name of publisher, distributor, etc Frederick A. Praeger, 1957
Date of publication, distribution, etc 1957
300 ## - PHYSICAL DESCRIPTION
Extent 214 p. ;
Dimensions 24 cm.
500 ## - GENERAL NOTE
General note Donated by: Abdel Hamid Abdel Ghany
500 ## - GENERAL NOTE
General note Includes index.
650 #0 - SUBJECT ADDED ENTRY--TOPICAL TERM
Topical term or geographic name as entry element Social classes
Geographic subdivision United States.
9 (RLIN) 10447
650 #0 - SUBJECT ADDED ENTRY--TOPICAL TERM
Topical term or geographic name as entry element Intellectuals
Geographic subdivision United States.
9 (RLIN) 10448
650 #0 - SUBJECT ADDED ENTRY--TOPICAL TERM
Topical term or geographic name as entry element Professions.
9 (RLIN) 10449
650 #0 - SUBJECT ADDED ENTRY--TOPICAL TERM
Topical term or geographic name as entry element Right and left (Political science)
9 (RLIN) 10450
942 ## - ADDED ENTRY ELEMENTS (KOHA)
Source of classification or shelving scheme Dewey Decimal Classification
Item type Book - Borrowing
Holdings
Withdrawn status Item status Source of classification or shelving scheme Damaged status Not for loan Vendor Home library Current library Shelving location Date acquired Source of acquisition Total Checkouts Full call number Barcode Date last seen Koha item type
    Dewey Decimal Classification       Central Library Central Library First floor 18/01/2010 Donation   335.4 DJI 000019400 15/07/2025 Book - Borrowing